00426nam a22001577a 450000500170000001000140001702000110003103500130004203700130005508200110006810000180007924500540009726000380015127000570018930000220024620100809101316.0 aENG-98919 c125.00 aEN-82451 bDBAD/PUB a342.54 aMeenatchi, M. aMedival India in administration /cby M.Meenatchi aChennaibPavai Publicationsc2008 a142, Jani Jankan Street, RoyapettaibChennaie600014 a498p.c20cm (pbk)